<?xml version="1.0" encoding="UTF-8"?>
<record
    xmlns:xsi="http://www.w3.org/2001/XMLSchema-instance"
    xsi:schemaLocation="http://www.loc.gov/MARC21/slim http://www.loc.gov/standards/marcxml/schema/MARC21slim.xsd"
    xmlns="http://www.loc.gov/MARC21/slim">

  <leader>01741nam0a2200385   4500</leader>
  <controlfield tag="001">RU\NLR\bibl\221518</controlfield>
  <controlfield tag="005">20260407071128.0</controlfield>
  <datafield tag="010" ind1=" " ind2=" ">
    <subfield code="a">5-89921-022-2</subfield>
    <subfield code="9">500</subfield>
  </datafield>
  <datafield tag="021" ind1=" " ind2=" ">
    <subfield code="a">RU</subfield>
    <subfield code="b">2001-39453</subfield>
    <subfield code="9">1872</subfield>
  </datafield>
  <datafield tag="035" ind1=" " ind2=" ">
    <subfield code="a">(NLR Aleph) 000217582</subfield>
  </datafield>
  <datafield tag="090" ind1=" " ind2=" ">
    <subfield code="a">1264081</subfield>
    <subfield code="c">1264081</subfield>
  </datafield>
  <datafield tag="100" ind1=" " ind2=" ">
    <subfield code="a">20020108d2001    |||y0rusy50      ca</subfield>
  </datafield>
  <datafield tag="101" ind1="0" ind2=" ">
    <subfield code="a">rus</subfield>
  </datafield>
  <datafield tag="102" ind1=" " ind2=" ">
    <subfield code="a">RU</subfield>
  </datafield>
  <datafield tag="105" ind1=" " ind2=" ">
    <subfield code="a">a   |||||||||</subfield>
  </datafield>
  <datafield tag="200" ind1="1" ind2=" ">
    <subfield code="a">&#x410;&#x434;&#x43C;&#x438;&#x43D;&#x438;&#x441;&#x442;&#x440;&#x430;&#x442;&#x438;&#x432;&#x43D;&#x44B;&#x435; &#x431;&#x430;&#x440;&#x44C;&#x435;&#x440;&#x44B; &#x432; &#x44D;&#x43A;&#x43E;&#x43D;&#x43E;&#x43C;&#x438;&#x43A;&#x435; &#x41F;&#x435;&#x440;&#x43C;&#x441;&#x43A;&#x43E;&#x439; &#x43E;&#x431;&#x43B;&#x430;&#x441;&#x442;&#x438;</subfield>
    <subfield code="f">&#x418;&#x43D;-&#x442; &#x43D;&#x430;&#x446;. &#x43F;&#x440;&#x43E;&#x435;&#x43A;&#x442;&#x430; "&#x41E;&#x431;&#x449;&#x435;&#x441;&#x442;&#x432;. &#x434;&#x43E;&#x433;&#x43E;&#x432;&#x43E;&#x440;", &#x423;&#x440;&#x430;&#x43B;. &#x430;&#x433;&#x435;&#x43D;&#x442;&#x441;&#x442;&#x432;&#x43E; &#x43F;&#x43E;&#x434;&#x434;&#x435;&#x440;&#x436;&#x43A;&#x438; &#x43C;&#x430;&#x43B;&#x44B;&#x445; &#x438; &#x441;&#x440;&#x435;&#x434;. &#x43F;&#x440;&#x435;&#x434;&#x43F;&#x440;&#x438;&#x44F;&#x442;&#x438;&#x439;</subfield>
    <subfield code="g">[&#x414;. &#x413;. &#x413;&#x430;&#x43B;&#x438;&#x446;&#x43A;&#x438;&#x439; &#x438; &#x434;&#x440;.]</subfield>
  </datafield>
  <datafield tag="210" ind1=" " ind2=" ">
    <subfield code="a">&#x41C;.</subfield>
    <subfield code="c">&#x421;&#x41F;&#x420;&#x41E;&#x421;</subfield>
    <subfield code="d">2001</subfield>
  </datafield>
  <datafield tag="215" ind1=" " ind2=" ">
    <subfield code="a">31,[1] &#x441;.</subfield>
    <subfield code="c">&#x438;&#x43B;.</subfield>
    <subfield code="d">21</subfield>
  </datafield>
  <datafield tag="606" ind1="0" ind2=" ">
    <subfield code="a">&#x41F;&#x440;&#x435;&#x434;&#x43F;&#x440;&#x438;&#x43D;&#x438;&#x43C;&#x430;&#x442;&#x435;&#x43B;&#x44C;&#x441;&#x442;&#x432;&#x43E; - &#x41F;&#x440;&#x430;&#x432;&#x43E;&#x432;&#x43E;&#x435; &#x440;&#x435;&#x433;&#x443;&#x43B;&#x438;&#x440;&#x43E;&#x432;&#x430;&#x43D;&#x438;&#x435;</subfield>
  </datafield>
  <datafield tag="606" ind1="0" ind2=" ">
    <subfield code="a">&#x410;&#x434;&#x43C;&#x438;&#x43D;&#x438;&#x441;&#x442;&#x440;&#x430;&#x442;&#x438;&#x432;&#x43D;&#x44B;&#x435; &#x431;&#x430;&#x440;&#x44C;&#x435;&#x440;&#x44B; &#x432; &#x44D;&#x43A;&#x43E;&#x43D;&#x43E;&#x43C;&#x438;&#x43A;&#x435;</subfield>
  </datafield>
  <datafield tag="606" ind1="0" ind2=" ">
    <subfield code="a">&#x41C;&#x430;&#x43B;&#x44B;&#x435; &#x43F;&#x440;&#x435;&#x434;&#x43F;&#x440;&#x438;&#x44F;&#x442;&#x438;&#x44F; - &#x421;&#x43E;&#x446;&#x438;&#x43E;&#x43B;&#x43E;&#x433;&#x438;&#x447;&#x435;&#x441;&#x43A;&#x438;&#x435; &#x438;&#x441;&#x441;&#x43B;&#x435;&#x434;&#x43E;&#x432;&#x430;&#x43D;&#x438;&#x44F;</subfield>
  </datafield>
  <datafield tag="606" ind1="0" ind2=" ">
    <subfield code="a">&#x41F;&#x435;&#x440;&#x43C;&#x441;&#x43A;&#x430;&#x44F; &#x43E;&#x431;&#x43B;., &#x43F;&#x440;&#x430;&#x432;&#x43E;</subfield>
  </datafield>
  <datafield tag="607" ind1=" " ind2=" ">
    <subfield code="a">&#x41F;&#x435;&#x440;&#x43C;&#x441;&#x43A;&#x430;&#x44F; &#x43E;&#x431;&#x43B;&#x430;&#x441;&#x442;&#x44C;</subfield>
    <subfield code="x">&#x41D;&#x430;&#x440;&#x43E;&#x434;&#x43D;&#x43E;&#x435; &#x445;&#x43E;&#x437;&#x44F;&#x439;&#x441;&#x442;&#x432;&#x43E;</subfield>
    <subfield code="9">1276902</subfield>
    <subfield code="3">RU\NLR\auth\66208337</subfield>
  </datafield>
  <datafield tag="675" ind1=" " ind2=" ">
    <subfield code="a">343.46(470.53)</subfield>
    <subfield code="v">3</subfield>
    <subfield code="z">rus</subfield>
  </datafield>
  <datafield tag="686" ind1=" " ind2=" ">
    <subfield code="a">10.77</subfield>
    <subfield code="2">rugasnti</subfield>
  </datafield>
  <datafield tag="686" ind1=" " ind2=" ">
    <subfield code="a">67.408</subfield>
    <subfield code="2">rubbk</subfield>
  </datafield>
  <datafield tag="686" ind1=" " ind2=" ">
    <subfield code="a">&#x423;03(2&#x420;-4&#x41F;&#x435;)74</subfield>
  </datafield>
  <datafield tag="702" ind1=" " ind2="1">
    <subfield code="a">&#x413;&#x430;&#x43B;&#x438;&#x446;&#x43A;&#x438;&#x439;</subfield>
    <subfield code="b">&#x414;. &#x413;.</subfield>
    <subfield code="4">220</subfield>
  </datafield>
  <datafield tag="712" ind1="0" ind2="2">
    <subfield code="4">570</subfield>
    <subfield code="a">&#x418;&#x43D;&#x441;&#x442;&#x438;&#x442;&#x443;&#x442; &#x43D;&#x430;&#x446;&#x438;&#x43E;&#x43D;&#x430;&#x43B;&#x44C;&#x43D;&#x43E;&#x433;&#x43E; &#x43F;&#x440;&#x43E;&#x435;&#x43A;&#x442;&#x430; "&#x41E;&#x431;&#x449;&#x435;&#x441;&#x442;&#x432;&#x435;&#x43D;&#x43D;&#x44B;&#x439; &#x434;&#x43E;&#x433;&#x43E;&#x432;&#x43E;&#x440;"</subfield>
    <subfield code="c">&#x41C;&#x43E;&#x441;&#x43A;&#x432;&#x430;</subfield>
    <subfield code="3">RU\NLR\AUTH\8810034673</subfield>
    <subfield code="9">567642</subfield>
  </datafield>
  <datafield tag="801" ind1=" " ind2="0">
    <subfield code="a">RU</subfield>
    <subfield code="b">RKP</subfield>
    <subfield code="c">20020108</subfield>
    <subfield code="g">PSBO</subfield>
  </datafield>
  <datafield tag="801" ind1=" " ind2="1">
    <subfield code="a">RU</subfield>
    <subfield code="b">RKP</subfield>
    <subfield code="c">20020108</subfield>
  </datafield>
  <datafield tag="801" ind1=" " ind2="2">
    <subfield code="a">RU</subfield>
    <subfield code="b">NLR</subfield>
    <subfield code="c">20080115</subfield>
    <subfield code="g">rcr</subfield>
  </datafield>
  <datafield tag="942" ind1=" " ind2=" ">
    <subfield code="c">BOOK</subfield>
  </datafield>
  <datafield tag="980" ind1=" " ind2=" ">
    <subfield code="a">NB</subfield>
  </datafield>
  <datafield tag="995" ind1=" " ind2=" ">
    <subfield code="5">2002-01-22</subfield>
    <subfield code="a">ad</subfield>
    <subfield code="b">NLR01</subfield>
    <subfield code="c">NLR01</subfield>
    <subfield code="e">RF8</subfield>
    <subfield code="f">1-1714603</subfield>
    <subfield code="k">2002-4/536</subfield>
    <subfield code="o">0</subfield>
    <subfield code="r">BOOK</subfield>
    <subfield code="s">20024536_</subfield>
  </datafield>
  <datafield tag="995" ind1=" " ind2=" ">
    <subfield code="5">2002-01-22</subfield>
    <subfield code="a">ad</subfield>
    <subfield code="b">NLR01</subfield>
    <subfield code="c">NLR01</subfield>
    <subfield code="e">RF8</subfield>
    <subfield code="f">211136</subfield>
    <subfield code="k">2002-4/536</subfield>
    <subfield code="o">0</subfield>
    <subfield code="r">BOOK</subfield>
    <subfield code="s">20024536_</subfield>
  </datafield>
</record>
